000 00996nam a2200265Ia 4500
003 OSt
005 20221005105236.0
006 a|||||r|||| 00| 0
007 ta
008 221004b |||||||| |||| 00| 0 hin d
020 _a9788184555462 (hbk)
_c1295
024 _a26347
037 _b2341, 19/03/2016, Success Book Service
_cTextual
040 _aCRL
_cCRL
_bhin
041 _2hin
_ahin
082 _aL:4:6(NR), 152Q5
100 _aसिन्हा, ज्योति
245 0 _aराग, रोग व रोगी
_b संगीत चिकित्सा
246 _aRāga, rog v rogī: sangīt chikitsā
260 _aनई दिल्ली
_bओमेगा पब्लिकेशन्स भारत
_c2015
300 _a432पृ0
_ccm.
650 _aऔषधी शास्त्र
942 _hL:4:6(NR), 152Q5
_cTEXL
_2cc
999 _c1015250
_d1015250